000 01975cam a2200265 4500500
005 20251228050202.0
041 _afre
042 _adc
100 1 0 _aSchnell, Alexander
_eauthor
245 0 0 _aL'idée fondamentale du transcendantalisme fichtéen
260 _c2009.
500 _a17
520 _aDans la présente étude, je cherche à dégager ce qui me semble être l’idée fondamentale du transcendantalisme fichtéen: l’interprétation du transcendantal dans la figure du Soll (ou de l’« hypothéticité catégorique ») caractérisée par un « redoublement possibilisant ». Cette figure est analysée à travers les deux schémas fondamentaux de la Doctrine de la Science de 1804 (deuxième version) et la doctrine fichtéenne de l’image. Par cette figure, Fichte entend légitimer la connaissance transcendantale et accomplir la tâche suprême de la philosophie (qui avait déjà trouvé une première expression chez Platon et st Anselme).
520 _aThe study aims to bring out what seems the fundamental idea of the Fichtean transcendentalism: the interpretation of the transcendental under the figure of the Soll (or of the ‘categorical hypotheticity’) characterized by a ‘possibilizing reduplication’. This figure is analyzed through the two basic patterns of the Science of Knowledge of 1804 (2nd version) and the Fichtean doctrine of the image. With this figure, Fichte wants to legitimate the transcendental knowledge and to achieve the ultimate task of philosophy (first already expressed in Plato and Saint Anselm).
690 _aIdéalisme
690 _aImage
690 _aLumière
690 _aTranscendantal
690 _aIdealism
690 _aImage
690 _aLight
690 _aTranscendental
786 0 _nArchives de philosophie | 72 | 3 | 2009-07-31 | p. 405-422 | 0003-9632
856 4 1 _uhttps://shs.cairn.info/revue-archives-de-philosophie-2009-3-page-405?lang=fr&redirect-ssocas=7080
999 _c1580060
_d1580060